Gaming Quiz

Random Gaming Quiz
Score 0/40 Timer 20:00
0 Plays Today
Hint Answer % Correct
Joker
98.6%
Batman
91.7%
Bane
91.7%
Harley quinn
88.9%
Penguin
86.8%
Killer croc
86.1%
Poison ivy
84.7%
Oracle
83.3%
Scarecrow
82.6%
Deadshot
82.6%
James gordon
81.9%
Riddler
80.6%
Robin
80.6%
Two face
79.9%
Ras al ghul
78.5%
Deathstroke
77.1%
Talia
76.4%
Catwoman
75%
Firefly
73.6%
Alfred
73.6%
Hint Answer % Correct
Mr freeze
73.6%
Hugo strange
72.2%
Clayface
70.1%
Nightwing
70.1%
Black mask
69.4%
Calendar man
68.1%
Mad hatter
66.7%
ZsasZ
66%
Copperhead
64.6%
Solomon grundy
61.8%
Electrocutioner
61.8%
Shiva
59%
Arkham knight
56.9%
Azrael
52.1%
Red hood
52.1%
Vicki vale
41.7%
Bird
31.3%
Amanda Waller
17.4%
Bronze tiger
16%
Falcone
15.3%
Remove Ads.
Support Sporcle.
Get the best of Sporcle when you Go Orange. This ad-free experience offers more features, more stats, and more fun while also helping to support Sporcle. Thank you for becoming a member.

You're not logged in!

Compare scores with friends on all Sporcle quizzes.
OR
Log In

Show Comments

Extras

Created Dec 14, 2014ReportNominate
Tags:arkham, Character

Top Quizzes Today


Score Distribution

Your Account Isn't Verified!

In order to create a playlist on Sporcle, you need to verify the email address you used during registration. Go to your Sporcle Settings to finish the process.

Report this User

Report this user for behavior that violates our Community Guidelines.

Details: